[Event "Open Shangri' La'"]
[Site "Roma ITA"]
[Date "1996.??.??"]
[Round "4"]
[White "Wyss, Walter"]
[Black "Pierangeli, Andrea"]
[Result "1-0"]
[WhiteElo "2215"]
[BlackElo "1750"]
[PlyCount "115"]
[EventDate "1996.??.??"]

1. d4 d5 2. Nf3 Bg4 3. c4 Bxf3 4. gxf3 e6 5. Nc3 Nf6 6. e4 c6 7. e5 Ng8 8. cxd5
exd5 9. f4 Ne7 10. Bd3 g6 11. f5 Nxf5 12. Bxf5 gxf5 13. Qh5 Qd7 14. Bg5 Qe6 15.
Bf6 Rg8 16. O-O-O h6 17. Rhe1 Na6 18. Ne2 Kd7 19. Nf4 Qe8 20. Qxf5+ Kc7 21. e6
fxe6 22. Nxe6+ Kb6 23. Nf4 Qc8 24. Qd3 Bd6 25. Ne6 Nc7 26. Qb3+ Ka6 27. Nc5+
Bxc5 28. dxc5 b6 29. Re7 Qf5 30. Bd4 Qg5+ 31. Qe3 Qxe3+ 32. Bxe3 Rac8 33. Bxh6
bxc5 34. Bf4 Kb6 35. Rde1 d4 36. Bg3 Nd5 37. Rf7 a5 38. h4 Nb4 39. Ree7 Kb5 40.
a3 Nd5 41. Rb7+ Kc4 42. h5 Rce8 43. h6 a4 44. Kd2 Re6 45. Ra7 Rge8 46. Rxa4+
Nb4 47. f3 Re2+ 48. Kd1 Kd3 49. axb4 Rd2+ 50. Kc1 c4 51. Rd7 Rc2+ 52. Kb1 Ree2
53. Ra3+ c3 54. Rxc3+ Rxc3 55. bxc3 Kxc3 56. h7 Re8 57. Be5 Rxe5 58. h8=Q 1-0

[Event "Open Shangri' La'"]
[Site "Roma ITA"]
[Date "1996.??.??"]
[Round "5"]
[White "Balducci, Walter"]
[Black "Scagliarini, Valentina"]
[Result "0-1"]
[WhiteElo "1648"]
[BlackElo "1606"]
[PlyCount "48"]
[EventDate "1996.??.??"]

1. e4 e6 2. d4 d5 3. Nc3 Bb4 4. e5 c5 5. a3 Bxc3+ 6. bxc3 Qc7 7. Nf3 Ne7 8. Bd3
Nbc6 9. O-O Bd7 10. Be3 f6 11. exf6 gxf6 12. Re1 c4 13. Bf1 O-O-O 14. Qd2 Ng6
15. g3 h5 16. Bf4 Nxf4 17. Qxf4 Qxf4 18. gxf4 Rhg8+ 19. Kh1 Rde8 20. Nh4 Rg4
21. Ng2 Kc7 22. Be2 Rg7 23. Bxh5 Rh8 24. Bf3 Rh3 0-1

[Event "Open Shangri' La'"]
[Site "Roma ITA"]
[Date "1996.??.??"]
[Round "5"]
[White "Barro, Carlo"]
[Black "Buffoni, Luca"]
[Result "1-0"]
[WhiteElo "1771"]
[BlackElo "1708"]
[PlyCount "97"]
[EventDate "1996.??.??"]

1. d4 d5 2. Nf3 Nf6 3. e3 e6 4. Bd3 Be7 5. O-O O-O 6. c4 c5 7. Nc3 Nc6 8. cxd5
exd5 9. h3 Re8 10. a3 cxd4 11. exd4 h6 12. Re1 Bf8 13. Rxe8 Qxe8 14. Bf4 Be6
15. Rc1 Rd8 16. Nb5 Ne4 17. Nc7 Qd7 18. Nxe6 Qxe6 19. Qb3 Qd7 20. Qc2 a6 21.
Bxa6 Nxd4 22. Nxd4 bxa6 23. Qc7 Qxc7 24. Rxc7 g5 25. Be3 Rb8 26. b4 Ra8 27. Nf5
Bd6 28. Nxd6 Nxd6 29. Rc5 Nc4 30. a4 Nxe3 31. fxe3 Rb8 32. b5 axb5 33. Rxb5 Rd8
34. Kf2 d4 35. e4 Re8 36. Kf3 Rc8 37. Rb3 Rc4 38. Ra3 d3 39. Ke3 d2 40. Kxd2
Rxe4 41. a5 Re7 42. a6 Ra7 43. Kc3 Kf8 44. Kb4 Ke7 45. Kb5 Ra8 46. a7 Kd7 47.
Kb6 f5 48. Kb7 Rxa7+ 49. Kxa7 1-0

[Event "Open Shangri' La'"]
[Site "Roma ITA"]
[Date "1996.??.??"]
[Round "5"]
[White "Capitelli, Paolo"]
[Black "De Carolis, Maurizio"]
[Result "1/2-1/2"]
[WhiteElo "1872"]
[BlackElo "1555"]
[PlyCount "69"]
[EventDate "1996.??.??"]

1. e4 d6 2. d4 Nf6 3. Nc3 c6 4. f4 Qb6 5. Nf3 Bg4 6. Be2 e6 7. O-O Be7 8. Rb1
O-O 9. Be3 Qc7 10. Qd2 Nbd7 11. e5 Nd5 12. Nxd5 cxd5 13. Bd3 Bf5 14. Bxf5 exf5
15. Qd3 g6 16. Rbc1 Nb6 17. Nd2 Rac8 18. c3 Nc4 19. Nxc4 dxc4 20. Qe2 d5 21. h3
b5 22. g4 Qd7 23. g5 a5 24. h4 b4 25. h5 Rb8 26. Bd2 Rb6 27. Rfd1 Re6 28. Kg2
Rb8 29. Rh1 bxc3 30. Bxc3 Bb4 31. Qe1 Bxc3 32. Qxc3 Qa4 33. hxg6 fxg6 34. Rc2
Qxa2 35. b4 1/2-1/2

[Event "Open Shangri' La'"]
[Site "Roma ITA"]
[Date "1996.??.??"]
[Round "5"]
[White "Cardellini, Fabio"]
[Black "Alfonsi, Paolo"]
[Result "1-0"]
[WhiteElo "1600"]
[BlackElo "1711"]
[PlyCount "57"]
[EventDate "1996.??.??"]

1. c4 Nf6 2. Nc3 c6 3. e4 d5 4. e5 Nfd7 5. d4 Nb6 6. c5 N6d7 7. Nf3 e6 8. Bd3
b6 9. b4 bxc5 10. bxc5 Ba6 11. a4 Bxd3 12. Qxd3 a5 13. O-O Be7 14. Bd2 O-O 15.
Na2 f6 16. exf6 Bxf6 17. Bf4 Na6 18. Rfe1 Re8 19. Ne5 Bxe5 20. Bxe5 Nxe5 21.
Rxe5 Qf6 22. Rae1 g6 23. Qh3 Nc7 24. Nc1 Rab8 25. Nb3 Rb4 26. Ra1 Reb8 27. Re3
Qxd4 28. Nxd4 Rb1+ 29. Re1 1-0

[Event "Open Shangri' La'"]
[Site "Roma ITA"]
[Date "1996.??.??"]
[Round "5"]
[White "Lepri, Livio"]
[Black "Farina, Saverio"]
[Result "1/2-1/2"]
[WhiteElo "1600"]
[BlackElo "2170"]
[PlyCount "76"]
[EventDate "1996.??.??"]

1. Nf3 d5 2. d4 c5 3. c4 e6 4. Nc3 Nc6 5. e3 Nf6 6. Be2 dxc4 7. Bxc4 a6 8. O-O
b5 9. Bd3 Bb7 10. dxc5 Bxc5 11. Ne4 Nxe4 12. Bxe4 Qxd1 13. Rxd1 f5 14. Bxc6+
Bxc6 15. b3 Bxf3 16. gxf3 O-O 17. Bb2 Rfd8 18. Rac1 Rxd1+ 19. Rxd1 Ra7 20. Kf1
Kf7 21. Ke2 Be7 22. Rd3 Bf6 23. Bxf6 Kxf6 24. f4 Rc7 25. Kd2 Rc6 26. Rd7 h6 27.
h3 g6 28. h4 e5 29. fxe5+ Kxe5 30. Re7+ Kf6 31. Rb7 h5 32. f4 Ke6 33. Rg7 Kd5
34. Re7 b4 35. Re5+ Kd6 36. e4 fxe4 37. Rxe4 Kc5 38. Ke3 Rd6 1/2-1/2

[Event "Open Shangri' La'"]
[Site "Roma ITA"]
[Date "1996.??.??"]
[Round "5"]
[White "Papetti, Francesco"]
[Black "Wyss, Walter"]
[Result "0-1"]
[WhiteElo "1705"]
[BlackElo "2215"]
[PlyCount "66"]
[EventDate "1996.??.??"]

1. d4 c5 2. d5 e5 3. dxe6 fxe6 4. c4 Nf6 5. Nc3 Nc6 6. e4 Be7 7. Nf3 O-O 8. Bd3
Qc7 9. O-O a6 10. b3 Ng4 11. g3 Bf6 12. Bb2 b6 13. Rb1 Bb7 14. Na4 Rf7 15. Ng5
Bxg5 16. Qxg4 Ne5 17. Bxe5 Qxe5 18. Nxb6 Raf8 19. Qe2 Qd4 20. Rb2 Rxf2 21. Rxf2
Rxf2 22. Qxf2 Be3 23. Bb1 Bxf2+ 24. Rxf2 g6 25. Kg2 g5 26. Re2 Qd1 27. Rb2 Qc1
28. Rf2 Qxb1 29. Nxd7 Bxe4+ 30. Kh3 Bf5+ 31. Kg2 Qe4+ 32. Kg1 Qd4 33. Nb6 Bh3
0-1

[Event "Open Shangri' La'"]
[Site "Roma ITA"]
[Date "1996.??.??"]
[Round "5"]
[White "Pierangeli, Andrea"]
[Black "Matano, Arturo"]
[Result "1-0"]
[WhiteElo "1750"]
[BlackElo "1663"]
[PlyCount "123"]
[EventDate "1996.??.??"]

1. Nf3 g6 2. e4 d6 3. d4 Bg7 4. Be3 c6 5. c3 Nf6 6. Nbd2 O-O 7. Bd3 Nbd7 8. O-O
Qc7 9. Ne1 e5 10. f4 c5 11. fxe5 dxe5 12. d5 Ne8 13. c4 Nd6 14. Qc2 b6 15. Rd1
Nf6 16. Be2 h6 17. Bf3 Qe7 18. b3 Bd7 19. Nb1 Kh7 20. Nc3 Nfe8 21. g3 Bf6 22.
Bg2 Bg5 23. Qd2 Bxe3+ 24. Qxe3 Nf6 25. Nd3 Kg7 26. Nf2 Nh7 27. Bh3 Ng5 28. Bxd7
Qxd7 29. Kg2 Rae8 30. h4 Nh7 31. g4 Nf6 32. Qg3 a6 33. a4 Rh8 34. Rde1 Rh7 35.
Re3 Qe7 36. Kf3 h5 37. g5 Ng4 38. Nxg4 hxg4+ 39. Qxg4 f5 40. gxf6+ Qxf6+ 41.
Ke2 Qxh4 42. Qd7+ Qe7 43. Qc6 Rh2+ 44. Kd3 Rf8 45. Ref3 Qg5 46. Qd7+ Kh6 47.
Rh3+ Rxh3+ 48. Qxh3+ Kg7 49. Rxf8 Kxf8 50. Ne2 Qf6 51. Qg3 Ke7 52. Qh3 g5 53.
Qg4 b5 54. cxb5 axb5 55. axb5 Nxb5 56. Kc4 Nd6+ 57. Kxc5 Nb7+ 58. Kb4 Qb6+ 59.
Kc3 Qe3+ 60. Kc2 Qc5+ 61. Kd1 Qe3 62. Ke1 1-0

[Event "Open Shangri' La'"]
[Site "Roma ITA"]
[Date "1996.??.??"]
[Round "5"]
[White "Quimi, Marco"]
[Black "Pompa, Alessandro"]
[Result "1-0"]
[WhiteElo "2225"]
[BlackElo "2091"]
[PlyCount "125"]
[EventDate "1996.??.??"]

1. e4 c6 2. d4 d5 3. e5 h5 4. c4 Bf5 5. Nc3 e6 6. cxd5 cxd5 7. Bd3 Bxd3 8. Qxd3
Nc6 9. Nf3 Nh6 10. O-O Be7 11. Bxh6 Rxh6 12. Rac1 Qa5 13. a3 a6 14. Ne2 Qb5 15.
Qxb5 axb5 16. Nc3 b4 17. axb4 Bxb4 18. Ra1 Ra5 19. Rxa5 Nxa5 20. Ra1 Kd7 21.
Ng5 f6 22. exf6 gxf6 23. Nf3 Rh8 24. Ne2 Nc6 25. Nf4 Kd6 26. Nd3 Ba5 27. Kf1
Bb6 28. Ra4 e5 29. dxe5+ fxe5 30. Ng5 Rg8 31. h4 Rf8 32. g3 Nd4 33. Rb4 Ba5 34.
Rxb7 e4 35. Nf4 Bd2 36. Rb6+ Kd7 37. Nh7 Rf5 38. Nf6+ Kd8 39. N4xd5 Rxd5 40.
Nxd5 Nf3 41. Rf6 Bc1 42. Rxf3 exf3 43. b3 Bd2 44. Nf6 Ke7 45. Nxh5 Ke6 46. Nf4+
Kf5 47. Nd5 Ke5 48. Ne3 Ke4 49. Ng4 Kd3 50. Nh2 Ke4 51. g4 Kf4 52. g5 Bc3 53.
g6 Bf6 54. b4 Kf5 55. b5 Kxg6 56. Nxf3 Bd8 57. Ke2 Kh5 58. Ne5 Kxh4 59. Nd7 Kg4
60. b6 Kf4 61. b7 Bc7 62. b8=Q Bxb8 63. Nxb8 1-0

[Event "Open Shangri' La'"]
[Site "Roma ITA"]
[Date "1996.??.??"]
[Round "5"]
[White "Rotondi, Paolo"]
[Black "Moroni, Marco"]
[Result "1-0"]
[WhiteElo "1591"]
[BlackElo "1842"]
[PlyCount "156"]
[EventDate "1996.??.??"]

1. c4 Nf6 2. Nc3 c5 3. g3 d5 4. cxd5 Nxd5 5. Bg2 Nc7 6. d3 e5 7. Nf3 Nc6 8. Be3
Be7 9. O-O O-O 10. Rc1 Na6 11. Na4 Qa5 12. a3 Be6 13. Ng5 Bd7 14. Ne4 Nd4 15.
Nac3 Bc6 16. Bd2 Qb6 17. Rb1 f5 18. Ng5 Bxg2 19. Kxg2 Qc6+ 20. e4 f4 21. Qh5 h6
22. Nf3 Nxf3 23. Qxf3 Bg5 24. gxf4 Bxf4 25. Bxf4 Rxf4 26. Qg3 Qe6 27. f3 Nc7
28. Rf2 Raf8 29. Kh1 Qf6 30. Rg1 g5 31. Rgf1 Qd6 32. Ne2 R4f6 33. Qg4 b5 34.
Ng3 Rf4 35. Qh3 Rh4 36. Qg2 Qf6 37. Nf5 Rf4 38. h4 Rf7 39. Qg3 Ne6 40. Rg1 Qg6
41. Rh2 Nd4 42. Nxd4 cxd4 43. hxg5 Rxf3 44. Qxe5 Rf1 45. Rxh6 Rxg1+ 46. Kxg1
Qg7 47. Qe8+ Qf8 48. Qe6 Qe7 49. Qxe7 Rxe7 50. Rd6 Rc7 51. Rxd4 Rc1+ 52. Kf2
Rc2+ 53. Ke3 Rxb2 54. Rb4 Ra2 55. Rb3 a5 56. Rxb5 Rxa3 57. Kd4 Ra1 58. Rb7 a4
59. Ra7 a3 60. e5 a2 61. Kd5 Rd1 62. Rxa2 Rxd3+ 63. Ke6 Kg7 64. Rg2 Rc3 65. Kd6
Ra3 66. e6 Ra6+ 67. Kd7 Ra7+ 68. Kc8 Ra8+ 69. Kb7 Re8 70. Re2 Kf8 71. Kc7 Ke7
72. Kc6 Rg8 73. Re5 Rc8+ 74. Kd5 Rd8+ 75. Ke4 Rg8 76. Kf5 Rf8+ 77. Kg6 Rf1 78.
Kg7 Kd6 1-0

[Event "Open Shangri' La'"]
[Site "Roma ITA"]
[Date "1996.??.??"]
[Round "5"]
[White "Spano' Cuomo, Gaetano"]
[Black "Mazziotto, Nicola"]
[Result "1-0"]
[WhiteElo "1704"]
[BlackElo "1522"]
[PlyCount "75"]
[EventDate "1996.??.??"]

1. c4 g6 2. d4 Bg7 3. Nc3 Nf6 4. e4 d6 5. Bd3 O-O 6. Nge2 e5 7. d5 Ne8 8. Be3
f5 9. f3 f4 10. Bf2 b6 11. Qd2 Na6 12. a3 Nc5 13. Bc2 a5 14. O-O Qg5 15. Kh1
Qh5 16. b4 Nb7 17. Ba4 Nd8 18. c5 bxc5 19. bxc5 Nf7 20. Bc6 Rb8 21. Rfb1 Rxb1+
22. Rxb1 Ng5 23. Ng1 Nf6 24. cxd6 cxd6 25. Be1 Nf7 26. Nb5 g5 27. Qf2 g4 28.
Qh4 gxf3 29. gxf3 Qg6 30. Rb2 h6 31. Rg2 Ng5 32. Nxd6 Ng4 33. Nxc8 Rxc8 34.
Qxg4 Rxc6 35. dxc6 Qxc6 36. h4 Ne6 37. Bxa5 Kh8 38. Bb4 1-0

[Event "Open Shangri' La'"]
[Site "Roma ITA"]
[Date "1996.??.??"]
[Round "5"]
[White "Verrascina, Nicola"]
[Black "Scagliarini, Bruno"]
[Result "0-1"]
[WhiteElo "2090"]
[BlackElo "1767"]
[PlyCount "72"]
[EventDate "1996.??.??"]

1. f4 d5 2. Nf3 Nf6 3. e3 Bg4 4. d4 e6 5. Nbd2 Nbd7 6. Bd3 Be7 7. O-O c6 8. c3
Bf5 9. Bxf5 exf5 10. Ne5 g6 11. a4 O-O 12. Rf3 Ne4 13. Rh3 Ndf6 14. Nxe4 Nxe4
15. g4 f6 16. Nd3 Qc8 17. gxf5 Qxf5 18. Rh4 Rae8 19. Nf2 Nxf2 20. Kxf2 Bd6 21.
Kg1 Rf7 22. b3 Rg7 23. Rg4 Ree7 24. Ra2 Qh5 25. Qf3 g5 26. f5 Qe8 27. Rgg2 h5
28. c4 g4 29. Qf1 h4 30. cxd5 h3 31. Rg3 Bxg3 32. hxg3 cxd5 33. Rf2 Rc7 34. Bd2
Qe4 35. Rf4 h2+ 36. Kf2 h1=Q 0-1

[Event "Open Shangri' La'"]
[Site "Roma ITA"]
[Date "1996.??.??"]
[Round "5"]
[White "Vigile, Matteo"]
[Black "Trebeschi, Andrea"]
[Result "0-1"]
[WhiteElo "1600"]
[BlackElo "1756"]
[PlyCount "102"]
[EventDate "1996.??.??"]

1. d4 Nf6 2. c4 d6 3. Nc3 g6 4. e4 Bg7 5. f3 O-O 6. Be3 Nc6 7. Qd2 e5 8. d5 Ne7
9. h4 Nh5 10. Nge2 f5 11. Bh6 f4 12. Bxg7 Kxg7 13. Nd1 b6 14. Nf2 a5 15. Nh3 h6
16. O-O-O Ng8 17. Nf2 Ngf6 18. Nd3 Ba6 19. Qc3 Qe7 20. Kb1 Bc8 21. Qe1 Bd7 22.
g4 fxg3 23. Nxg3 Nxg3 24. Qxg3 Nh5 25. Qf2 Nf4 26. Rg1 Rf6 27. Bg2 Raf8 28.
Nxf4 Rxf4 29. Qe3 Rxh4 30. Rh1 Rff4 31. Rxh4 Rxh4 32. Rh1 Rxh1+ 33. Bxh1 Qh4
34. Qg1 Qf4 35. Qf2 g5 36. Bg2 h5 37. Bf1 g4 38. Qh4 Qxf3 39. Qg5+ Kf8 40. Qh6+
Ke7 41. Bg2 Qd1+ 42. Qc1 Qxc1+ 43. Kxc1 Kf6 44. Kd2 h4 45. Ke2 h3 46. Bf1 g3
47. Kf3 g2 48. Bxg2 hxg2 49. Kxg2 Kg5 50. Kg3 Bg4 51. b3 Bd1 0-1

[Event "Open Shangri' La'"]
[Site "Roma ITA"]
[Date "1996.??.??"]
[Round "6"]
[White "Buffoni, Luca"]
[Black "Arabito, Giuseppe"]
[Result "1-0"]
[WhiteElo "1708"]
[BlackElo "1579"]
[PlyCount "37"]
[EventDate "1996.??.??"]

1. e4 e5 2. Nf3 Nc6 3. Bb5 a6 4. Bxc6 dxc6 5. d4 exd4 6. Qxd4 Qxd4 7. Nxd4 c5
8. Ne2 b6 9. Nbc3 Ne7 10. Bf4 Ra7 11. O-O-O Ng6 12. Bg3 Be6 13. Nd5 Bxd5 14.
Rxd5 c6 15. Rd2 Be7 16. Rhd1 Bg5 17. f4 Bh4 18. Bxh4 Nxh4 19. Rd8+ 1-0

[Event "Open Shangri' La'"]
[Site "Roma ITA"]
[Date "1996.??.??"]
[Round "6"]
[White "Farina, Saverio"]
[Black "Wyss, Walter"]
[Result "1-0"]
[WhiteElo "2170"]
[BlackElo "2215"]
[PlyCount "141"]
[EventDate "1996.??.??"]

1. d4 d6 2. c4 Nf6 3. Nc3 c6 4. e4 Qa5 5. Bd2 e5 6. d5 Qc7 7. Nge2 Be7 8. Ng3
O-O 9. Be2 a5 10. O-O g6 11. Bh6 Re8 12. Qd2 Bf8 13. Bxf8 Rxf8 14. Kh1 Kg7 15.
f4 exf4 16. Qxf4 Qe7 17. Qg5 Qe5 18. Qxe5 dxe5 19. Rf2 Ne8 20. Raf1 c5 21. Na4
Na6 22. Nb6 Rb8 23. Bd1 Nd6 24. Ba4 h5 25. h4 Bg4 26. Bd7 Rbd8 27. Bxg4 hxg4
28. Kg1 Nb4 29. Rd1 f5 30. exf5 gxf5 31. Na4 Na6 32. Nc3 f4 33. Nge4 g3 34. Re2
Nxc4 35. Ng5 Nc7 36. d6 Rxd6 37. Rxd6 Nxd6 38. Rxe5 Re8 39. Rxe8 Ndxe8 40. Ne2
c4 41. Nxf4 Kf6 42. Ne2 b5 43. Ne4+ Ke5 44. N4xg3 b4 45. h5 Nd5 46. h6 Nef6 47.
Nh5 c3 48. b3 c2 49. g4 Nh7 50. Kf2 Nc3 51. Nc1 Kd4 52. Ke1 Ne4 53. Nf4 Nhg5
54. Ne6+ Kc3 55. Nxg5 Nxg5 56. Ke2 Kb2 57. Nd3+ Kxa2 58. Kd2 Kxb3 59. Nc1+ Kb2
60. Nd3+ Kb1 61. Ke3 c1=Q+ 62. Nxc1 Kxc1 63. Kf4 b3 64. Kxg5 b2 65. h7 b1=Q 66.
h8=Q Qb5+ 67. Kg6 a4 68. Qc3+ Kb1 69. g5 a3 70. Qxa3 Qd3+ 71. Qxd3+ 1-0

[Event "Open Shangri' La'"]
[Site "Roma ITA"]
[Date "1996.??.??"]
[Round "6"]
[White "Matano, Arturo"]
[Black "Spano' Cuomo, Gaetano"]
[Result "1-0"]
[WhiteElo "1663"]
[BlackElo "1704"]
[PlyCount "82"]
[EventDate "1996.??.??"]

1. e4 e5 2. Nf3 Nc6 3. Bb5 Bc5 4. c3 d6 5. d4 exd4 6. cxd4 Bb4+ 7. Nc3 Bd7 8.
O-O Nf6 9. Bg5 h6 10. Bxf6 Qxf6 11. Nd5 Qg6 12. Nxc7+ Ke7 13. Nxa8 Rxa8 14.
Bxc6 bxc6 15. Qb3 c5 16. a3 Ba5 17. dxc5 dxc5 18. Ne5 Qe6 19. Qxe6+ Kxe6 20.
Nxd7 Kxd7 21. Rfd1+ Ke7 22. Rd5 Bb6 23. Rad1 Rc8 24. Kf1 c4 25. Rc1 a6 26. Ke2
g5 27. f3 f6 28. Kd1 h5 29. b3 c3 30. Rd3 Ba5 31. b4 Bc7 32. Rcxc3 h4 33. h3
Ke6 34. Rd5 Ke7 35. Rc6 Kf7 36. Kc2 Ke7 37. Kb3 a5 38. b5 Ke8 39. Ka4 Kf8 40.
Rxf6+ Ke7 41. Rc6 Kf8 1-0

[Event "Open Shangri' La'"]
[Site "Roma ITA"]
[Date "1996.??.??"]
[Round "6"]
[White "Moroni, Marco"]
[Black "Balducci, Walter"]
[Result "1-0"]
[WhiteElo "1842"]
[BlackElo "1648"]
[PlyCount "99"]
[EventDate "1996.??.??"]

1. e4 d5 2. exd5 c6 3. Nc3 cxd5 4. d4 Bf5 5. Nf3 e6 6. Bf4 Bd6 7. Bxd6 Qxd6 8.
Bb5+ Nd7 9. Nh4 Bg6 10. Nxg6 hxg6 11. Qf3 Ngf6 12. h3 O-O-O 13. Bxd7+ Rxd7 14.
Nb5 Qb4+ 15. Qc3+ Qxc3+ 16. Nxc3 a6 17. f3 Rc7 18. O-O-O Rc4 19. h4 Kd7 20. g4
Rhc8 21. Rh2 b5 22. a3 Kc6 23. Na2 Kb6 24. c3 a5 25. h5 gxh5 26. gxh5 Rh8 27.
Rdh1 Rh6 28. Kb1 Rc8 29. Nc1 Rch8 30. Nd3 Rxh5 31. Rxh5 Rxh5 32. Rg1 Ne8 33.
Kc1 Rh3 34. Rf1 f6 35. Nf4 Rh2 36. Nxe6 Rg2 37. Nf4 Rh2 38. Nxd5+ Kc6 39. Nf4
Nd6 40. Nd3 Nc4 41. Re1 Kd6 42. Rd1 Ne3 43. Rg1 Kd5 44. Re1 Nc4 45. Rg1 g5 46.
f4 Ke4 47. Nc5+ Kxf4 48. Rf1+ Kg3 49. d5 Rf2 50. Ne4+ 1-0

[Event "Open Shangri' La'"]
[Site "Roma ITA"]
[Date "1996.??.??"]
[Round "6"]
[White "Pierangeli, Andrea"]
[Black "Barro, Carlo"]
[Result "0-1"]
[WhiteElo "1750"]
[BlackElo "1771"]
[PlyCount "122"]
[EventDate "1996.??.??"]

1. e4 d6 2. d4 Nf6 3. Bd3 g6 4. Ne2 Bg7 5. c3 O-O 6. O-O e5 7. f3 Nbd7 8. Be3
c5 9. d5 a6 10. c4 Rb8 11. Nbc3 Nb6 12. b3 Bd7 13. Qd2 Nc8 14. Rae1 b5 15. f4
Ng4 16. f5 Nxe3 17. Qxe3 Rb7 18. Ng3 Bf6 19. fxg6 fxg6 20. Rf2 Be8 21. Ref1 b4
22. Nd1 Rbf7 23. Qe1 Bh4 24. Rxf7 Rxf7 25. Rxf7 Kxf7 26. Qf2+ Qf6 27. Qxf6+
Kxf6 28. Nf1 a5 29. g3 Bg5 30. Be2 Bd7 31. Kg2 h5 32. h3 a4 33. Nh2 Bc1 34. g4
h4 35. Nf3 g5 36. Ne1 Ne7 37. Nd3 Bd2 38. bxa4 Bxa4 39. N1b2 Bc2 40. Bd1 Bb1
41. Bb3 Bc3 42. Kf3 Ng6 43. Ke2 Bxb2 44. Nxb2 Bxe4 45. Ke3 Bg2 46. Kf2 Bxh3 47.
Bd1 e4 48. Be2 Nf4 49. Bd1 Bg2 50. Bc2 h3 51. Kg3 Ne2+ 52. Kh2 Nd4 53. Bxe4
Bxe4 54. Kxh3 Bb1 55. Kg2 Bxa2 56. Kf2 Bb1 57. Ke3 Ke5 58. Na4 Bg6 59. Kd2 Nf3+
60. Kc1 Nh2 61. Nb6 Be8 0-1

[Event "Open Shangri' La'"]
[Site "Roma ITA"]
[Date "1996.??.??"]
[Round "6"]
[White "Pompa, Alessandro"]
[Black "De Carolis, Maurizio"]
[Result "1-0"]
[WhiteElo "2091"]
[BlackElo "1555"]
[PlyCount "69"]
[EventDate "1996.??.??"]

1. d4 d6 2. Nf3 Nf6 3. c4 g6 4. Nc3 Bg7 5. g3 O-O 6. Bg2 c6 7. O-O Nbd7 8. d5
cxd5 9. cxd5 Nb6 10. Nd4 Bd7 11. a4 a6 12. b3 Rc8 13. Bb2 Na8 14. Qd2 Qa5 15.
Rfd1 Qb4 16. a5 Rc5 17. Na4 Qxd2 18. Rxd2 Bxa4 19. Rxa4 Rc7 20. Rc2 Rfc8 21.
Rxc7 Rxc7 22. e3 Nd7 23. Bf1 Nc5 24. Rb4 Rc8 25. Rc4 Nc7 26. b4 Ne4 27. Bg2 Nd2
28. Rc2 Bxd4 29. Bxd4 Nb1 30. Bb6 Na3 31. Rxc7 Rxc7 32. Bxc7 Nb5 33. Bb6 Kg7
34. Bf1 Na3 35. Bd3 1-0

[Event "Open Shangri' La'"]
[Site "Roma ITA"]
[Date "1996.??.??"]
[Round "6"]
[White "Quimi, Marco"]
[Black "Verrascina, Roberto"]
[Result "0-1"]
[WhiteElo "2225"]
[BlackElo "2225"]
[PlyCount "37"]
[EventDate "1996.??.??"]

1. e4 Nf6 2. Nc3 d5 3. e5 Nfd7 4. d4 c5 5. Nxd5 cxd4 6. Qxd4 Nb6 7. Bb5+ Nc6 8.
c4 e6 9. Bxc6+ bxc6 10. Bg5 Qd7 11. O-O-O cxd5 12. c5 Qc7 13. Kb1 Nc4 14. Nf3
Rb8 15. b3 Qxc5 16. Ka1 Qxd4+ 17. Rxd4 Nb6 18. Rc1 h6 19. Bd2 0-1

[Event "Open Shangri' La'"]
[Site "Roma ITA"]
[Date "1996.??.??"]
[Round "6"]
[White "Rotondi, Paolo"]
[Black "Papetti, Francesco"]
[Result "0-1"]
[WhiteElo "1591"]
[BlackElo "1705"]
[PlyCount "74"]
[EventDate "1996.??.??"]

1. c4 c5 2. Nc3 Nc6 3. g3 g6 4. Bg2 Bg7 5. Nf3 Nf6 6. a3 a6 7. d3 O-O 8. O-O d6
9. Rb1 Qa5 10. Bd2 Bd7 11. Nd5 Qd8 12. Nxf6+ Bxf6 13. b4 cxb4 14. axb4 b5 15.
Bh6 Re8 16. Qd2 Rb8 17. Rfc1 bxc4 18. dxc4 Bf5 19. Rb3 Qd7 20. b5 axb5 21. cxb5
Na7 22. b6 Qa4 23. Rb4 Qa5 24. Nd4 Rxb6 25. Rxb6 Qxb6 26. Nxf5 gxf5 27. Qf4 Qa5
28. Qc4 Rb8 29. Bf3 Qd8 30. Qa6 Nb5 31. Bh5 Nd4 32. e3 Nb3 33. Qa2 Nxc1 34.
Qxf7+ Kh8 35. e4 Qg8 36. Bxc1 Qxf7 37. Bxf7 Rb1 0-1

[Event "Open Shangri' La'"]
[Site "Roma ITA"]
[Date "1996.??.??"]
[Round "6"]
[White "Scagliarini, Bruno"]
[Black "Capitelli, Paolo"]
[Result "0-1"]
[WhiteElo "1767"]
[BlackElo "1872"]
[PlyCount "102"]
[EventDate "1996.??.??"]

1. c4 Nf6 2. g3 g6 3. Bg2 Bg7 4. Nc3 O-O 5. e3 d6 6. Nge2 e5 7. O-O Nc6 8. d4
a6 9. b3 Rb8 10. Bb2 Bd7 11. Rc1 exd4 12. Nxd4 Nxd4 13. exd4 Re8 14. Re1 Bg4
15. Qd2 Qd7 16. Nd5 Nxd5 17. Bxd5 c6 18. Bg2 Bh3 19. d5 Bxb2 20. Qxb2 Bxg2 21.
Kxg2 Rxe1 22. Rxe1 Re8 23. Qd2 Rxe1 24. Qxe1 cxd5 25. cxd5 Qg4 26. Qd2 Qe4+ 27.
f3 Qe5 28. Kf2 h5 29. h4 Kg7 30. Kg2 Qa1 31. f4 Qf6 32. Qf2 Kh7 33. Qd2 Qa1 34.
Kh2 Qb1 35. Qf2 Qd3 36. Qg2 b5 37. Kh3 a5 38. Kh2 a4 39. bxa4 bxa4 40. Kh3 a3
41. Kh2 Qb1 42. Kh3 Qb2 43. Kh2 Kg7 44. Kh3 Kf6 45. Qe4 Qxa2 46. Qd4+ Ke7 47.
Qa7+ Kf8 48. Qb8+ Kg7 49. Qxd6 Qb2 50. Qc6 a2 51. d6 a1=Q 0-1

[Event "Open Shangri' La'"]
[Site "Roma ITA"]
[Date "1996.??.??"]
[Round "6"]
[White "Scagliarini, Valentina"]
[Black "Vigile, Matteo"]
[Result "1/2-1/2"]
[WhiteElo "1606"]
[BlackElo "1600"]
[PlyCount "92"]
[EventDate "1996.??.??"]

1. e4 e5 2. Nf3 Nc6 3. Bb5 a6 4. Bxc6 dxc6 5. d4 exd4 6. Qxd4 Qxd4 7. Nxd4 Bc5
8. Be3 Nf6 9. f3 O-O 10. O-O Rd8 11. c3 Be6 12. Nd2 Ne8 13. Bf2 Bxd4 14. Bxd4
c5 15. Be3 b6 16. Rfd1 Rd7 17. Kf2 Rad8 18. Ke1 Nd6 19. a3 Nc4 20. Nxc4 Rxd1+
21. Rxd1 Rxd1+ 22. Kxd1 Bxc4 23. Bf4 b5 24. Bxc7 Be6 25. Bd6 c4 26. Ke2 f6 27.
Ke3 Kf7 28. Kd4 g6 29. Kc5 f5 30. exf5 Bxf5 31. a4 Bd3 32. axb5 axb5 33. Kxb5
Ke6 34. Kc5 h5 35. h4 Be2 36. Bc7 Kf5 37. Kb4 Bd3 38. b3 cxb3 39. Kxb3 Bf1 40.
g3 Be2 41. Kb4 Bxf3 42. Kc5 Ke6 43. Kb6 Kd5 44. Kb5 Be2+ 45. Kb4 Kc6 46. Bf4
Bd3 1/2-1/2

[Event "Open Shangri' La'"]
[Site "Roma ITA"]
[Date "1996.??.??"]
[Round "6"]
[White "Trebeschi, Andrea"]
[Black "Verrascina, Nicola"]
[Result "0-1"]
[WhiteElo "1756"]
[BlackElo "2090"]
[PlyCount "52"]
[EventDate "1996.??.??"]

1. e4 d5 2. e5 Bf5 3. d4 e6 4. h4 h5 5. Bd3 Bxd3 6. Qxd3 a6 7. Bg5 Be7 8. Bxe7
Nxe7 9. Nf3 Nf5 10. c3 Nd7 11. b4 b6 12. Nbd2 c5 13. bxc5 bxc5 14. g3 c4 15.
Qc2 Qa5 16. O-O O-O 17. Rfb1 Rfb8 18. Ng5 Rb5 19. f3 Nf8 20. g4 hxg4 21. fxg4
Nxh4 22. Rf1 Ra7 23. Ndf3 Nhg6 24. Rab1 Nf4 25. Nh4 Qxc3 26. Qf2 Qxd4 0-1

[Event "Weekend Accademia"]
[Site "Roma ITA"]
[Date "1996.??.??"]
[Round "1"]
[White "Abuhamdieh, Arafat"]
[Black "Ludovici, Roberto"]
[Result "0-1"]
[WhiteElo "1528"]
[BlackElo "1713"]
[PlyCount "76"]
[EventDate "1996.??.??"]

1. d4 Nf6 2. c4 g6 3. g3 Bg7 4. Bg2 O-O 5. Nf3 d5 6. b3 c5 7. Bb2 cxd4 8. Bxd4
dxc4 9. bxc4 Nc6 10. e3 Bg4 11. O-O e5 12. Bc5 Qxd1 13. Rxd1 e4 14. Bxf8 Kxf8
15. Nbd2 exf3 16. Bf1 Ne5 17. Rab1 b6 18. h3 Bf5 19. Rb5 Nfd7 20. e4 Be6 21.
Nb3 Ke7 22. Nd4 Bxc4 23. Bxc4 Nxc4 24. Nxf3 Nc5 25. Rb4 Ne5 26. Nxe5 Bxe5 27.
f4 Bc3 28. Rc4 Ba5 29. Kf2 Rc8 30. Rd5 Nd3+ 31. Ke3 Rxc4 32. Kxd3 Rc3+ 33. Kd4
Rxg3 34. f5 Rxh3 35. Kc4 Rh4 36. fxg6 hxg6 37. Re5+ Kf6 38. Kd5 Rh5 0-1

[Event "Weekend Accademia"]
[Site "Roma ITA"]
[Date "1996.??.??"]
[Round "1"]
[White "Alimonti, Daniele"]
[Black "Moroni, Marco"]
[Result "0-1"]
[WhiteElo "1516"]
[BlackElo "1842"]
[PlyCount "60"]
[EventDate "1996.??.??"]

1. f4 d5 2. Nf3 Nf6 3. e3 h6 4. b3 Bf5 5. Bb2 e6 6. Nc3 Be7 7. Be2 a6 8. O-O
O-O 9. a3 c5 10. d4 Nc6 11. Bd3 Ne4 12. Ne5 cxd4 13. Nxc6 bxc6 14. exd4 c5 15.
Na4 cxd4 16. Bxd4 Bf6 17. Bxf6 Qxf6 18. Qe2 a5 19. Kh1 Rac8 20. c4 Qg6 21. Qe3
Rfd8 22. Qe1 dxc4 23. Bxe4 Bxe4 24. Rf2 cxb3 25. Qxa5 Ra8 26. Qb4 Rdb8 27. Qd6
Qf6 28. Nb2 Qc3 29. Qe5 Rc8 30. Kg1 30... Qe3 $138 0-1